000 02004nam0a2200373 4500
001 RU\NLR\BIBL_A\022390899
005 20260531075118.0
010 _a978-5-00089-719-5
_9500
021 _aRU
_bКН-П-24-063142
_9КН-П-24-6273
035 _a(NLR Aleph) 022390899
090 _a13332173
_c13332173
100 _a20241126d2024 k y0rusy50 ca
101 0 _arus
102 _aRU
105 _aa z 000yy
181 0 _ai3
_baxxe
182 0 _an
200 1 _aЕвросоюз в геополитике: закат суверенитета
_eмонография
_fВ. И. Пефтиев, Л. А. Титова
_gМинистерство просвещения Российской Федерации, ФГБОУ ВО "Ярославский государственный педагогический университет им. К. Д. Ушинского"
203 _aТекст
_bвизуальный
_cнепосредственный
210 _aЯрославль
_cРИО ЯГПУ
_d2024
215 _a179 с.
_cтабл.
_d21
225 1 _aМонография ЯГПУ им. К. Д. Ушинского
300 _aВ вып. дан. авт.: В. И. Пефтиев, д-р экон. наук, проф., Л. А. Титова, канд. экон наук, доц.
320 _aБиблиогр.: с. 142-153 ( 175 назв.) и в тексте
601 0 2 _aЕвропейский Союз
_xСуверенитет
_xПолитологический аспект
_92662231
_3RU\NLR\AUTH\6601750258
686 1 _aФ4(0)
700 1 _8rus
_7ca
_aПефтиев
_bВ. И.
_gВладимир Ильич
_3RU\NLR\AUTH\7713786
_9123468
701 1 _7ca
_8rus
_aТитова
_bЛ. А.
_cканд. экон. наук
_gЛюдмила Анатольевна
_949508
_3RU\NLR\AUTH\7766580
712 0 2 _4570
_aЕвропейский союз
_9280954
_3RU\NLR\AUTH\884706
942 _cBOOK
980 _aNB